Derecho a huelga: los límites derivados de la protección a terceros
Αποθηκεύτηκε σε:
| Κύριος συγγραφέας: | |
|---|---|
| Μορφή: | Βιβλίο |
| Γλώσσα: | Ισπανικά |
| Έκδοση: |
Santiago
Ediciones Der Ltda.
2019
|
| Σειρά: | Ensayos Jurídicos
|
| Θέματα: | |
| Ετικέτες: |
Προσθήκη ετικέτας
Δεν υπάρχουν, Καταχωρήστε ετικέτα πρώτοι!
|
MARC
| LEADER | 00000cam a2200000 a 4500 | ||
|---|---|---|---|
| 001 | UCC8154 | ||
| 003 | CL-VaPUC | ||
| 005 | 20240722083756.0 | ||
| 008 | 190531e20190000cl |||||||||||||||||spa|d | ||
| 999 | |c 374531 |d 374529 | ||
| 020 | |a 9789569959455 | ||
| 040 | |c Pontificia Universidad Católica de Valparaíso | ||
| 082 | |2 21 |a 344.01 VAR 2019 | ||
| 100 | |a Varas Marchant, Karla |e author |9 14 | ||
| 245 | 1 | 0 | |a Derecho a huelga: los límites derivados de la protección a terceros |
| 260 | |b Ediciones Der Ltda. |c 2019 |a Santiago | ||
| 300 | |a 630 páginas | ||
| 490 | 0 | |a Ensayos Jurídicos | |
| 583 | |a last modification |c 20190531 13:26:00 |k Rodrigo Vera | ||
| 650 | 7 | |a DERECHO LABORAL |2 CL-VaPUC |9 15 | |
| 650 | 0 | |a Libertad sindical |9 387480 | |
| 650 | 7 | |a HUELGA |2 CL-VaPUC |9 17 | |
| 852 | |a BIBCUR | ||
| 942 | |c BK |2 ddc | ||
| 945 | |d 20190531 13:26:00 |a dcastane | ||
| 952 | |0 0 |1 0 |3 erb |4 0 |6 344_010000000000000_VAR_2019 |7 0 |8 A |9 493105 |a BIBDER |b BIBDER |e 22 |g 45500.00 |i 5550645 |l 6 |m 3 |o 344.01 VAR 2019 |p 5550645 |r 2024-10-18 |s 2024-10-17 |v 45500.00 |w 2019-11-24 |y BK |z Catalogado en:20190531 |k DER | ||
| 952 | |0 0 |1 0 |2 ddc |3 erb |4 0 |6 344_010000000000000_VAR_2019 |7 1 |8 C_LRYV |9 493106 |a FDOBRV |b BIBDER |e 22 |g 45500.00 |i 5555655 |l 6 |m 3 |o 344.01 VAR 2019 |p 5555655 |r 2023-01-25 |s 2022-09-30 |v 45500.00 |w 2019-11-24 |y BK_X |z Catalogado en:20190719 |k BRV | ||
| 952 | |0 0 |1 0 |3 erb |4 0 |6 344_010000000000000_VAR_2019 |7 0 |8 A |9 493107 |a BIBDER |b BIBDER |e 22 |g 45500.00 |i 5555663 |l 3 |o 344.01 VAR 2019 |p 5555663 |r 2025-04-21 |s 2025-04-14 |v 45500.00 |w 2019-11-24 |y BK |z Catalogado en:20190719 |k DER | ||